[Event "San Vicente op 8th"]
[Site "San Vicente"]
[Date "2024.03.31"]
[Round "7"]
[White "Yuffa, Daniil"]
[Black "Vetokhin, Savva"]
[Result "1-0"]
[WhiteElo "2606"]
[BlackElo "2427"]
[PlyCount "69"]
[EventDate "2024.03.27"]
[EventType "swiss"]
[EventRounds "9"]
[EventCountry "ESP"]
[SourceTitle "CB14_2024"]
[SourceDate "2024.04.01"]
[SourceVersion "1"]
[SourceVersionDate "2024.04.01"]
[SourceQuality "1"]

1. d4 Nf6 2. c4 e6 3. Nf3 d5 4. Nc3 Bb4 5. Bg5 h6 6. Bxf6 Qxf6 7. e3 0-0 8. Rc1 dxc4 9. Bxc4 c5 10. 0-0 cxd4 11. Ne4 Qe7 12. a3 Ba5 13. exd4 Rd8 14. Rc2 Nc6 15. Ba2 Bb6 16. Rd2 Bd7 17. Nc3 Qf8 18. Re1 Rac8 19. d5 exd5 20. Nxd5 Bg4 21. h3 Bxf3 22. Qxf3 Re8 23. Red1 Ne5 24. Qf5 Rc6 25. Re2 Ng6 26. Rde1 Rxe2 27. Rxe2 Rd6 28. g3 Bd8 29. Qc8 b5 30. h4 h5 31. b4 Be7 32. Qf5 Bf6 33. Qxh5 a6 34. Bb1 Bd8 35. Qf5 1-0

[Event "Moscow Aeroflot op-A"]
[Site "Moscow"]
[Date "2024.03.07"]
[Round "9"]
[White "Lobanov, Sergei"]
[Black "Vetokhin, Savva"]
[Result "1/2-1/2"]
[WhiteElo "2502"]
[BlackElo "2427"]
[PlyCount "50"]
[EventDate "2024.03.03"]
[EventType "swiss"]
[EventRounds "9"]
[EventCountry "RUS"]
[SourceTitle "CB11_2024"]
[SourceDate "2024.03.13"]
[SourceVersion "1"]
[SourceVersionDate "2024.03.13"]
[SourceQuality "1"]

1. e4 c5 2. Nf3 Nc6 3. Nc3 e6 4. h3 Nge7 5. d4 Nxd4 6. Nxd4 cxd4 7. Qxd4 Nc6 8. Qd3 Bc5 9. Be2 0-0 10. 0-0 a6 11. a3 d6 12. Be3 b5 13. Rad1 Bb7 14. Bf4 Nd4 15. Be3 Nc6 16. Bf4 Nd4 17. Be3 e5 18. Bg4 Kh8 19. Ne2 Nxe2+ 20. Bxe2 Qc7 21. Bxc5 dxc5 22. Qe3 Rfd8 23. c3 f6 24. h4 Qc6 25. f3 h6 1/2-1/2

[Event "Moscow Aeroflot op-A"]
[Site "Moscow"]
[Date "2024.03.04"]
[Round "4"]
[White "Gareyev, Timur"]
[Black "Vetokhin, Savva"]
[Result "1-0"]
[WhiteElo "2558"]
[BlackElo "2427"]
[PlyCount "129"]
[EventDate "2024.03.03"]
[EventType "swiss"]
[EventRounds "9"]
[EventCountry "RUS"]
[SourceTitle "CB11_2024"]
[SourceDate "2024.03.13"]
[SourceVersion "1"]
[SourceVersionDate "2024.03.13"]
[SourceQuality "1"]

1. Nf3 Nf6 2. c4 e6 3. Nc3 d5 4. e3 c5 5. cxd5 exd5 6. Bb5+ Nc6 7. Ne5 Bd7 8. d4 Bd6 9. Nxd7 Qxd7 10. dxc5 Bxc5 11. 0-0 0-0 12. b3 Rfd8 13. Bb2 Qe7 14. Ne2 d4 15. exd4 Nxd4 16. Nxd4 Bxd4 17. Bxd4 Qe4 18. Re1 Qxd4 19. Qxd4 Rxd4 20. Re7 a6 21. Bc4 b5 22. Bxf7+ Kf8 23. Rb7 Rad8 24. g3 Rd1+ 25. Rxd1 Rxd1+ 26. Kg2 Rd2 27. a4 bxa4 28. bxa4 Ne4 29. Kf3 Nc5 30. Rc7 Nxa4 31. Ke3 Rd6 32. Bb3 Nb2 33. Ke4 Rb6 34. Bd5 Nd1 35. Rf7+ Ke8 36. Rxg7 Nxf2+ 37. Ke3 Nd1+ 38. Kd4 h6 39. Bf3 Kf8 40. Ra7 Rb4+ 41. Ke5 Rb5+ 42. Kd6 Ne3 43. Ra8+ Kg7 44. Ra7+ Kf8 45. Rxa6 Rb2 46. Ke6 Rf2 47. Ra8+ Kg7 48. Ra7+ Kg8 49. Ra8+ Kg7 50. Ra7+ Kg8 51. Be4 Rxh2 52. Ra8+ Kg7 53. Ra7+ Kg8 54. Ra3 Re2 55. Bf3 Nc4+ 56. Bxe2 Nxa3 57. Bd3 h5 58. Kf6 h4 59. g4 h3 60. g5 h2 61. Be4 Nc4 62. Bd5+ Kh7 63. g6+ Kh6 64. g7 h1Q 65. Bxh1 1-0

[Event "Moscow Aeroflot op-A"]
[Site "Moscow"]
[Date "2024.03.04"]
[Round "3"]
[White "Vetokhin, Savva"]
[Black "Usov, Aleksandr E"]
[Result "1-0"]
[WhiteElo "2427"]
[BlackElo "2270"]
[PlyCount "81"]
[EventDate "2024.03.03"]
[EventType "swiss"]
[EventRounds "9"]
[EventCountry "RUS"]
[SourceTitle "CB11_2024"]
[SourceDate "2024.03.13"]
[SourceVersion "1"]
[SourceVersionDate "2024.03.13"]
[SourceQuality "1"]

1. e4 c6 2. d4 d5 3. e5 Bf5 4. h4 h6 5. Bd3 Bxd3 6. Qxd3 e6 7. h5 Qa5+ 8. c3 Qa6 9. Qxa6 Nxa6 10. Be3 f6 11. exf6 gxf6 12. g4 e5 13. Nf3 Bd6 14. Nh4 Ne7 15. Nd2 exd4 16. cxd4 Nb4 17. Ke2 Nc2 18. Rac1 Nxe3 19. fxe3 Rg8 20. Rhg1 Kd7 21. Rcf1 Raf8 22. Nf5 Nxf5 23. Rxf5 Ke6 24. Rf2 Ke7 25. Nf3 f5 26. Nh4 fxg4 27. Ng6+ Rxg6 28. Rxf8 Rg5 29. Rh8 Rxh5 30. Rxg4 Rh2+ 31. Kf3 Kf6 32. Rg2 Rh3+ 33. Ke2 Rh1 34. Re8 h5 35. Rh8 Kf5 36. Rh6 Bb4 37. a3 Be7 38. Rf2+ Kg4 39. Rg6+ Kh3 40. Rf7 Bh4 41. Rf3+ 1-0

[Event "Wch Blitz"]
[Site "Samarkand"]
[Date "2023.12.29"]
[Round "3"]
[White "Salem, AR Saleh"]
[Black "Vetokhin, Savva"]
[Result "1/2-1/2"]
[WhiteElo "2639"]
[BlackElo "2396"]
[PlyCount "135"]
[EventDate "2023.12.29"]
[EventType "swiss (blitz)"]
[EventRounds "21"]
[EventCountry "UZB"]
[SourceTitle "CB01_2024"]
[SourceDate "2024.01.03"]
[SourceVersion "1"]
[SourceVersionDate "2024.01.03"]
[SourceQuality "1"]

1. d4 Nf6 2. c4 e6 3. Nc3 d5 4. cxd5 exd5 5. Bg5 Be7 6. e3 h6 7. Bh4 Bg4 8. Nf3 0-0 9. Bd3 Nbd7 10. 0-0 c6 11. Qc2 Ne8 12. Bxe7 Qxe7 13. Nd2 Nd6 14. h3 Be6 15. f4 Nf6 16. Rae1 Bd7 17. Nf3 Nfe4 18. Ne5 Rfe8 19. Nxe4 dxe4 20. Be2 Be6 21. g4 f6 22. Ng6 Qf7 23. f5 Bxa2 24. Qc5 Qd5 25. Ra1 Bc4 26. Bxc4 Nxc4 27. Qxd5+ cxd5 28. Rfc1 Nxe3 29. b3 b5 30. Kf2 Nc4 31. bxc4 dxc4 32. Ke3 a5 33. Rab1 Rab8 34. d5 Kf7 35. Nf4 a4 36. Ne6 a3 37. Rb4 Rec8 38. d6 Rb7 39. Kxe4 Ra8 40. Kd5 a2 41. Kc6 Rbb8 42. Ra1 c3 43. d7 c2 44. Rb2 c1Q+ 45. Rxc1 a1Q 46. Rxa1 Rxa1 47. d8Q Rxd8 48. Nxd8+ Ke7 49. Ne6 Rc1+ 50. Kxb5 g6 51. Re2 gxf5 52. Nd4+ Kf7 53. Nxf5 Kg6 54. Re7 Kg5 55. Rg7+ Kf4 56. Nxh6 Rh1 57. Rg6 Rxh3 58. Kc5 Rd3 59. Kc4 Rd8 60. Kc3 Rd7 61. Kc4 Rd8 62. Kc5 Rd7 63. Kc6 Rd8 64. Kc7 Rd1 65. Rxf6+ Kg5 66. Rc6 Rh1 67. Nf7+ Kxg4 68. Rf6 1/2-1/2

[Event "Wch Blitz"]
[Site "Samarkand"]
[Date "2023.12.29"]
[Round "8"]
[White "Vetokhin, Savva"]
[Black "Chigaev, Maksim"]
[Result "0-1"]
[WhiteElo "2396"]
[BlackElo "2621"]
[PlyCount "108"]
[EventDate "2023.12.29"]
[EventType "swiss (blitz)"]
[EventRounds "21"]
[EventCountry "UZB"]
[SourceTitle "CB01_2024"]
[SourceDate "2024.01.03"]
[SourceVersion "1"]
[SourceVersionDate "2024.01.03"]
[SourceQuality "1"]

1. d4 Nf6 2. c4 g6 3. Nc3 Bg7 4. e4 d6 5. Nf3 0-0 6. Be2 e5 7. 0-0 exd4 8. Nxd4 Re8 9. f3 c6 10. Kh1 Nbd7 11. Bf4 Nh5 12. Be3 Qh4 13. Bf2 Qg5 14. Qc1 Qxc1 15. Raxc1 Nf4 16. Be3 Nxe2 17. Ndxe2 f5 18. Rcd1 fxe4 19. fxe4 Ne5 20. b3 Nf7 21. h3 b6 22. Bd4 Bb7 23. Bxg7 Kxg7 24. Nf4 Re7 25. Kh2 Rae8 26. Rf2 h5 27. Kg1 h4 28. Rdf1 Bc8 29. Nd3 Ng5 30. Rf4 Bxh3 31. Rxh4 Bc8 32. Rhf4 Be6 33. Ne1 Bg8 34. Nf3 Nxe4 35. Nxe4 Rxe4 36. Rxe4 Rxe4 37. Rd1 d5 38. cxd5 Bxd5 39. Kf2 Kf6 40. Rh1 a5 41. Rh7 a4 42. Rb7 axb3 43. axb3 b5 44. Nd2 Rd4 45. Ke3 Rg4 46. Rc7 Ke5 47. Nf3+ Kd6 48. Rg7 Rxg2 49. Nh4 Rg3+ 50. Kd2 Rxb3 51. Rxg6+ Kc5 52. Nf5 Be4 53. Rg3 Rb2+ 54. Kc1 Rc2+ 0-1

[Event "Wch Blitz"]
[Site "Samarkand"]
[Date "2023.12.29"]
[Round "10"]
[White "Vetokhin, Savva"]
[Black "Quparadze, Giga"]
[Result "1/2-1/2"]
[WhiteElo "2396"]
[BlackElo "2491"]
[PlyCount "157"]
[EventDate "2023.12.29"]
[EventType "swiss (blitz)"]
[EventRounds "21"]
[EventCountry "UZB"]
[SourceTitle "CB01_2024"]
[SourceDate "2024.01.03"]
[SourceVersion "1"]
[SourceVersionDate "2024.01.03"]
[SourceQuality "1"]

1. d4 Nf6 2. c4 e6 3. Nf3 b6 4. a3 c6 5. Nc3 d5 6. cxd5 cxd5 7. Bf4 a6 8. e3 Be7 9. Bd3 Bb7 10. 0-0 0-0 11. Rc1 Nbd7 12. Qe2 b5 13. Nd2 Nb6 14. Nxb5 axb5 15. Bc7 Qe8 16. Bxb6 b4 17. Bb5 Qb8 18. Bc7 Qa7 19. a4 Ne8 20. Bf4 Qb6 21. Nb3 Nd6 22. Bxd6 Bxd6 23. Nc5 Bc8 24. Nb3 Qb8 25. h3 Bb7 26. a5 e5 27. a6 Bc8 28. dxe5 Bxe5 29. Nd4 Bxd4 30. exd4 Qb6 31. Rc6 Qa5 32. Rfc1 Bd7 33. R6c5 Bxb5 34. Qxb5 Qxa6 35. Rxd5 Qa2 36. Qc4 Qxb2 37. Rb5 Ra2 38. Rf1 Ra4 39. d5 h6 40. Rd1 Rd8 41. d6 Ra2 42. Rf5 Qc2 43. Qxc2 Rxc2 44. Rb5 Rc4 45. Kf1 Re4 46. Rb7 g6 47. g3 h5 48. Kg2 Kf8 49. Kf3 Rc4 50. Rd3 Kg7 51. d7 Kf6 52. Rb3 Rd4 53. R3xb4 R4xd7 54. Rxd7 Rxd7 55. h4 Rd6 56. Rc4 Kg7 57. Rb4 f6 58. Ra4 g5 59. Kg2 g4 60. Ra2 Kg6 61. f3 Rd3 62. fxg4 hxg4 63. Rf2 f5 64. Rf4 Rd2+ 65. Rf2 Rd4 66. Ra2 Rd6 67. Re2 Kf6 68. Kf2 Rd3 69. Re3 Rd2+ 70. Re2 Rd1 71. Kg2 Rd3 72. Kf2 f4 73. gxf4 Kf5 74. Kg2 g3 75. Ra2 Kg4 76. f5 Kxf5 77. Ra4 Kg6 78. Rg4+ Kh5 79. Rxg3 1/2-1/2

[Event "Wch Blitz"]
[Site "Samarkand"]
[Date "2023.12.29"]
[Round "2"]
[White "Vetokhin, Savva"]
[Black "Shogdzhiev, Roman Sav"]
[Result "1-0"]
[WhiteElo "2396"]
[BlackElo "1901"]
[PlyCount "97"]
[EventDate "2023.12.29"]
[EventType "swiss (blitz)"]
[EventRounds "21"]
[EventCountry "UZB"]
[SourceTitle "CB01_2024"]
[SourceDate "2024.01.03"]
[SourceVersion "1"]
[SourceVersionDate "2024.01.03"]
[SourceQuality "1"]

1. d4 d5 2. c4 c6 3. Nc3 Nf6 4. e3 e6 5. Nf3 Nbd7 6. Bd3 dxc4 7. Bxc4 b5 8. Be2 Bb7 9. 0-0 a6 10. e4 c5 11. d5 exd5 12. e5 d4 13. exf6 Nxf6 14. Nxb5 Be7 15. Na3 0-0 16. Nc4 Qd5 17. Na5 Rad8 18. Nxb7 Qxb7 19. Bc4 Ne4 20. Qd3 Nd6 21. b3 Bf6 22. Bf4 Ne4 23. Bxa6 Qa8 24. Rfe1 Rfe8 25. Bb5 Re7 26. a4 Nc3 27. Rxe7 Bxe7 28. Bc4 g6 29. Bd2 Nd5 30. Bxd5 Qxd5 31. a5 Rb8 32. a6 Ra8 33. a7 Bd8 34. Qb5 f5 35. b4 Kg7 36. Qxc5 Qb7 37. Qxd4+ Bf6 38. Ne5 Re8 39. Bf4 Ra8 40. h4 Qb5 41. Ra5 Qe2 42. Qd7+ Kh8 43. Qe6 Qd1+ 44. Kh2 Bxh4 45. Nf7+ Kg7 46. Bh6+ Kg8 47. Ng5+ Kh8 48. Qf6+ Kg8 49. Qg7# 1-0

[Event "Wch Rapid"]
[Site "Samarkand"]
[Date "2023.12.26"]
[Round "3"]
[White "Vetokhin, Savva"]
[Black "Petrosyan, Manuel"]
[Result "1/2-1/2"]
[WhiteElo "2396"]
[BlackElo "2619"]
[PlyCount "89"]
[EventDate "2023.12.26"]
[EventType "swiss (rapid)"]
[EventRounds "13"]
[EventCountry "UZB"]
[SourceTitle "CB01_2024"]
[SourceDate "2024.01.03"]
[SourceVersion "1"]
[SourceVersionDate "2024.01.03"]
[SourceQuality "1"]

1. d4 Nf6 2. c4 e6 3. Nf3 d5 4. Nc3 Bb4 5. Bg5 h6 6. Bxf6 Qxf6 7. e3 c5 8. cxd5 exd5 9. Rc1 c4 10. Be2 Nc6 11. 0-0 Bxc3 12. bxc3 0-0 13. Nd2 b5 14. e4 Be6 15. a4 a6 16. Bf3 Rfd8 17. axb5 axb5 18. Ra1 Rxa1 19. Qxa1 b4 20. exd5 Bxd5 21. Bxd5 Rxd5 22. Nxc4 bxc3 23. Ne3 Rd8 24. Qxc3 Nxd4 25. Kh1 Qf4 26. h3 Ne6 27. Qc2 Ng5 28. Qf5 Qxf5 29. Nxf5 Rd2 30. Kg1 Ne4 31. Ng3 Nxg3 32. fxg3 h5 33. Kh2 g6 34. g4 hxg4 35. hxg4 Kg7 36. Rf3 Rd7 37. Kg3 Kh6 38. Ra3 Rd5 39. Rb3 Kg5 40. Rf3 f6 41. Ra3 Re5 42. Rb3 Re4 43. Rb5+ Re5 44. Rb3 Re4 45. Rb5+ 1/2-1/2

[Event "Wch U14"]
[Site "Montesilvano"]
[Date "2023.11.21"]
[Round "8"]
[White "Vetokhin, Savva"]
[Black "Ljepic, Andrej"]
[Result "1-0"]
[WhiteElo "2403"]
[BlackElo "2236"]
[PlyCount "95"]
[EventDate "2023.11.13"]
[EventType "swiss"]
[EventRounds "11"]
[EventCountry "ITA"]
[SourceTitle "CB48_2023"]
[SourceDate "2023.11.29"]
[SourceVersion "1"]
[SourceVersionDate "2023.11.29"]
[SourceQuality "1"]

1. d4 e6 2. c4 Bb4+ 3. Bd2 a5 4. Nf3 Nf6 5. a3 Bxd2+ 6. Qxd2 d6 7. Nc3 b6 8. g3 Bb7 9. Bg2 Nbd7 10. 0-0 Ne4 11. Nxe4 Bxe4 12. Qf4 Nf6 13. g4 h6 14. h4 d5 15. cxd5 Qxd5 16. Rac1 c6 17. Rc3 Rd8 18. Rfc1 0-0 19. g5 hxg5 20. hxg5 Nh5 21. Qg4 g6 22. Ne5 Bxg2 23. Nxc6 Rd7 24. Qxg2 Qxg2+ 25. Kxg2 Nf4+ 26. Kf3 Nh3 27. Ke3 Nxg5 28. Ne5 Rd5 29. Rc8 Nh7 30. Rxf8+ Nxf8 31. Rc7 Rb5 32. Nd3 Rd5 33. Ne5 Rb5 34. b4 axb4 35. axb4 Rxb4 36. Rxf7 Rb2 37. Re7 b5 38. Ng4 Nh7 39. Rxe6 Kf7 40. d5 Nf8 41. Ne5+ Kg7 42. Rb6 Rb1 43. Rb7+ Kh6 44. Rf7 Nh7 45. d6 Rd1 46. d7 Ng5 47. Rf8 Ne6 48. Re8 1-0

[Event "RUS-chT Blitz"]
[Site "Sochi"]
[Date "2023.10.17"]
[Round "8.9"]
[White "Vetokhin, Savva"]
[Black "Tsydypov, Zhamsaran"]
[Result "0-1"]
[WhiteElo "2400"]
[BlackElo "2548"]
[PlyCount "82"]
[EventDate "2023.10.17"]
[EventType "team-swiss (blitz)"]
[EventRounds "13"]
[EventCountry "RUS"]
[SourceTitle "Mega2024 Update 01"]
[Source "Chessbase"]
[SourceDate "2023.11.12"]
[SourceVersion "1"]
[SourceVersionDate "2023.11.12"]
[SourceQuality "1"]
[WhiteTeam "St Petersburg SShOR II"]
[BlackTeam "Tatarstan Ladya MK"]
[WhiteTeamCountry "RUS"]
[BlackTeamCountry "RUS"]

1. d4 g6 2. c4 Bg7 3. Nf3 c5 4. d5 d6 5. Nc3 e6 6. e4 Ne7 7. Bf4 e5 8. Bd2 h6 9. h4 f5 10. h5 g5 11. Nh2 0-0 12. Be2 Nd7 13. f3 Nf6 14. g4 fxe4 15. fxe4 Bd7 16. Nf1 a6 17. a4 Kh8 18. Ne3 Qc8 19. a5 Rb8 20. Rg1 b5 21. axb6 Rxb6 22. Nf5 Nxf5 23. gxf5 Rxb2 24. Qc1 Rb3 25. Bd1 Rxc3 26. Bxc3 Nxe4 27. Rf1 Bxf5 28. Ra3 g4 29. Qe3 Nxc3 30. Rxc3 Qd8 31. Bc2 e4 32. Ra3 Qh4+ 33. Qg3 Qg5 34. Qf4 Qxh5 35. Qxd6 Qg5 36. Kd1 g3 37. Bxe4 Bg4+ 38. Bf3 g2 39. Rg1 Bxf3+ 40. Kc2 Be4+ 41. Kb3 Qe3+ 0-1

[Event "RUS-ch Rapid"]
[Site "Sochi"]
[Date "2023.10.16"]
[Round "11"]
[White "Vetokhin, Savva"]
[Black "Triapishko, Alexandr"]
[Result "1/2-1/2"]
[WhiteElo "2400"]
[BlackElo "2499"]
[PlyCount "105"]
[EventDate "2023.10.15"]
[EventType "swiss (rapid)"]
[EventRounds "11"]
[EventCountry "RUS"]
[SourceTitle "Mega2024 Update 01"]
[Source "Chessbase"]
[SourceDate "2023.11.12"]
[SourceVersion "1"]
[SourceVersionDate "2023.11.12"]
[SourceQuality "1"]

1. d4 g6 2. c4 Bg7 3. Nf3 d6 4. g3 Nf6 5. Bg2 Bf5 6. Nc3 Ne4 7. Qb3 Nxc3 8. Qxc3 c5 9. Qb3 Be4 10. d5 Qb6 11. 0-0 Qxb3 12. axb3 0-0 13. Ne1 Bxg2 14. Kxg2 Nd7 15. Nd3 Rfb8 16. Bg5 Kf8 17. Ra5 Ne5 18. Nxe5 Bxe5 19. Rfa1 Bxb2 20. R1a2 Bf6 21. Bxf6 exf6 22. Rxa7 Rxa7 23. Rxa7 f5 24. Kf3 Ke7 25. Ke3 Kf6 26. Kd3 Kg5 27. Kc3 Kg4 28. b4 Kh3 29. bxc5 dxc5 30. Ra5 Rc8 31. d6 Kxh2 32. Rxc5 Rd8 33. Rd5 Kg2 34. Kb4 Kxf2 35. Kb5 h5 36. d7 g5 37. Kb6 f4 38. gxf4 g4 39. Kc7 Rh8 40. Rxh5 Rxh5 41. d8Q Rc5+ 42. Kxb7 Rxc4 43. e3 g3 44. Qd2+ Kf3 45. Qd1+ Kf2 46. Qd2+ Kf3 47. Qd1+ Kf2 48. Qb3 Re4 49. Qc2+ Kf3 50. Qd1+ Kf2 51. Qd2+ Kf3 52. Qd1+ Kf2 53. Qd2+ 1/2-1/2